Význam kultúrneho dedičstva pre rozvoj cestovného ruchu a jeho ochrana
Charakteristika kultúrneho dedičstva. Trvalo udržateľný cestovný ruch - sustainable tourism. Využívanie kultúrneho dedičstva v rámci cestovného ruchu. Trendy rozvoja cestovného ruchu. Animačné aktivity. Spolupráca medzi subjektami poskytujúcimi služby cestovného ruchu. Ponuka komplexného balíka služ...
Salvato in:
| Autore principale: | |
|---|---|
| Natura: | Capitolo di libro |
| Lingua: | slovacco |
| Soggetti: | |
| Tags: |
Nessun Tag, puoi essere il primo ad aggiungerne!!
|
MARC
| LEADER | 00000naa$a2200000$$$4500 | ||
|---|---|---|---|
| 001 | 0053333 | ||
| 005 | 20240711093022.7 | ||
| 041 | 0 | |a slo | |
| 044 | |a SK | ||
| 245 | 1 | 0 | |a Význam kultúrneho dedičstva pre rozvoj cestovného ruchu a jeho ochrana |c Anna Michálková |
| 520 | |a Charakteristika kultúrneho dedičstva. Trvalo udržateľný cestovný ruch - sustainable tourism. Využívanie kultúrneho dedičstva v rámci cestovného ruchu. Trendy rozvoja cestovného ruchu. Animačné aktivity. Spolupráca medzi subjektami poskytujúcimi služby cestovného ruchu. Ponuka komplexného balíka služieb pre jednotlivé cieľové skupiny. Potreba regionálneho informačného systému. Podporné nástroje ochrany kultúrneho dedičstva. | ||
| 610 | 2 | 0 | |a ruch cestovný |
| 610 | 2 | 0 | |a kultúra |
| 610 | 2 | 0 | |a cestujúci |
| 610 | 2 | 0 | |a čas voľný |
| 610 | 2 | 0 | |a dovolenka |
| 610 | 2 | 0 | |a zariadenia kultúrne |
| 610 | 2 | 0 | |a inovácia |
| 610 | 2 | 0 | |a služby |
| 610 | 2 | 0 | |a systémy informačné |
| 100 | 1 | |a Michálková, Anna, 1968- | |